Guitars in Movies Quiz Stats

Quiz Updated Sep 12, 2016

Challenge
Share
Tweet
Score 0/20 Timer 06:00
3 Plays Today
% Correct
School of Rock
98.1%
Wayne's World
95.2%
The Sound of Music
88.5%
Walk the Line
87.1%
Back to the Future
87.1%
This Is Spinal Tap
71.6%
Bill and Ted's Excellent Adventure
70.7%
O Brother, Where Art Thou?
66.2%
Scott Pilgrim vs. the World
60.1%
La Bamba
55.2%
% Correct
That Thing You Do
43.1%
I Love You, Man
40.8%
Breakfast at Tiffany's
40.1%
Walk Hard: The Dewey Cox Story
39.4%
Yes Man
37.4%
Crazy Heart
31.4%
Stranger than Fiction
29.8%
Chocolat
29.7%
Crossroads
16.4%
Ricki and the Flash
14.1%

You're not logged in!

Compare scores with friends on all Sporcle quizzes.
Join for Free
OR
Log In

You Might Also Like...

Show Comments

Extras

Top Quizzes Today


Score Distribution

Your Account Isn't Verified!

In order to create a playlist on Sporcle, you need to verify the email address you used during registration. Go to your Sporcle Settings to finish the process.

Report this User

Report this user for behavior that violates our Community Guidelines.

Details: